| 000 | 00900nam a2200265 a 4500 | ||
|---|---|---|---|
| 001 | 66479 | ||
| 003 | BD-RjUL | ||
| 005 | 20211209081539.0 | ||
| 008 | 170316s1987 enka 001 0 eng d | ||
| 020 | _a0333408225 pbk | ||
| 020 | _a0333408217 | ||
| 035 | _a(BD-RjUL)66609 | ||
| 040 |
_aBD-RjUL _beng _cBD-RjUL _dBD-RjUL |
||
| 041 | _aeng | ||
| 082 |
_a621.395 _223 _bBRD 1987 |
||
| 100 | 1 |
_aBrackenbury, Linda E. M. _9196755 |
|
| 245 | 1 | 0 |
_aDesign of VLSI systems : _ba practical introduction / _cLinda E.M. Brackenbury |
| 260 |
_aBasingstoke : _bMacmillan, _c1987 |
||
| 300 |
_aix, 154 p : _bill ; _c25 cm |
||
| 490 | 1 | _aMacmillan computer science series | |
| 504 | _aIncludes bibliographies and index | ||
| 650 | 0 |
_aIntegrated circuits _xVery large scale integration _xDesign and construction _xData processing. _9196756 |
|
| 830 | 0 |
_aMacmillan computer science series _9155831 |
|
| 942 |
_2ddc _cBK |
||
| 999 |
_c66479 _d66479 |
||